[Event "CAN-ch/zt"]
[Site "Toronto"]
[Date "1978.??.??"]
[Round "10"]
[White "Vranesic, Zvonko"]
[Black "Spraggett, Kevin"]
[Result "1/2-1/2"]
[WhiteElo "2395"]
[BlackElo "2450"]
[PlyCount "131"]
[EventDate "1978.08.??"]
[Source "ChessBase"]

1. c4 g6 2. Nc3 Bg7 3. d4 c5 4. d5 Nf6 5. e4 O-O 6. f4 d6 7. Nf3 e6 8. Be2 exd5 9. exd5 Ne8 10. Bd2 Na6 11. O-O Bd7 12. Bd3 f5 13. Re1 Nac7 14. a4 Na6 15. Bf1 Nb4 16. Qc1 Nf6 17. Na2 Nxa2 18. Rxa2 Ne4 19. Bc3 Nxc3 20. bxc3 Qa5 21. Ra3 h6 22. Qb2 Rab8 23. Re7 Qd8 24. Re3 g5 25. Qd2 Qf6 26. a5 gxf4 27. Re2 Rbe8 28. Qxf4 Re4 29. Rxe4 fxe4 30. Qxe4 Re8 31. Qc2 Re3 32. Qf2 Rxc3 33. Rxc3 Qxc3 34. Qg3 Qe3+ 35. Kh1 Qc1 36. Kg1 Qe3+ 37. Kh1 Bf5 38. h3 Qe7 39. Qf4 Bb1 40. Kg1 a6 41. h4 Be4 42. Qe3 Kf8 43. Bd3 Bxd3 44. Qxd3 Ke8 45. g4 Kd8 46. Kf2 Kc7 47. Qb3 Kb8 48. g5 hxg5 49. hxg5 Qd8 50. Qa3 Qh8 51. Qe3 Qf8 52. Qe6 b6 53. axb6 Kb7 54. Ke3 Kxb6 55. Qe4 Ka5 56. Kd3 Ka4 57. Nd2 Qf2 58. Qe8+ Ka3 59. Qa8 Qf5+ 60. Ke2 Qg4+ 61. Kd3 Qh3+ 62. Ke2 Qh2+ 63. Kd3 Qh7+ 64. Ke2 Qh2+ 65. Kd3 Qg3+ 66. Ke2 1/2-1/2

[Event "Zagorovsky mem"]
[Site "Voronezh"]
[Date "1997.??.??"]
[Round "?"]
[White "Cherepkov, Alexander V"]
[Black "Zaitsev, Igor A"]
[Result "0-1"]
[WhiteElo "2395"]
[BlackElo "2450"]
[PlyCount "123"]
[EventDate "1997.??.??"]
[Source "www.chesslib.no"]
[SourceDate "2004.05.04"]

1. d4 Nf6 2. c4 g6 3. Nc3 Bg7 4. e4 d6 5. f4 c5 6. d5 O-O 7. Nf3 e6 8. Be2 exd5 9. exd5 Nh5 10. Ng5 h6 11. Nf3 Bg4 12. O-O Nd7 13. Ne4 f5 14. Nf2 Ndf6 15. g3 Qe7 16. Nxg4 Nxg4 17. Nh4 Qe4 18. Bf3 Qxc4 19. Nxg6 Rfe8 20. Nh4 Bd4+ 21. Kg2 Ng7 22. Nxf5 Nxf5 23. Bxg4 Qxd5+ 24. Bf3 Qe6 25. Bd2 Kh8 26. Re1 Qg8 27. Kh3 Rxe1 28. Qxe1 Re8 29. Qd1 Qe6 30. Kg2 Rg8 31. Qe2 Qg6 32. g4 Re8 33. Qf1 Ne3+ 34. Bxe3 Rxe3 35. Qc4 Qf6 36. Rf1 Re7 37. b4 Qxf4 38. bxc5 dxc5 39. Qd3 Kg7 40. Bd1 Qe4+ 41. Qxe4 Rxe4 42. Bf3 Re7 43. Rb1 b6 44. h4 Re3 45. Bd5 Bf6 46. Rf1 Re5 47. Bb3 b5 48. g5 hxg5 49. hxg5 Rxg5+ 50. Kf3 c4 51. Bc2 Kf7 52. Be4 Ke6 53. Rd1 b4 54. Rc1 Rc5 55. Bb7 a5 56. Ba6 Bc3 57. a4 Ke5 58. Ke2 b3 59. Rh1 Bb2 60. Rh5+ Kd4 61. Rh4+ Kc3 62. Bb5 0-1

[Event "Madonna di Campiglio"]
[Site "Madonna di Campiglio"]
[Date "1974.??.??"]
[Round "9"]
[White "Janosevic, Dragoljub"]
[Black "Mednis, Edmar J"]
[Result "1/2-1/2"]
[WhiteElo "2415"]
[BlackElo "2430"]
[PlyCount "55"]
[EventDate "1974.??.??"]
[Source "www.chesslib.no"]
[SourceDate "2004.05.04"]

1. e4 g6 2. d4 Bg7 3. c4 c5 4. d5 d6 5. Be2 Nf6 6. Nc3 O-O 7. f4 b5 8. cxb5 a6 9. bxa6 Bxa6 10. Nf3 Qb6 11. O-O Nbd7 12. Bxa6 Qxa6 13. e5 Ne8 14. e6 fxe6 15. Ng5 Nc7 16. dxe6 Nb6 17. f5 Qc4 18. g4 Nbd5 19. Nxd5 Nxd5 20. Nf7 Qd4+ 21. Qxd4 Bxd4+ 22. Kh1 Rfb8 23. a4 Bxb2 24. Bxb2 Rxb2 25. fxg6 hxg6 26. Nh6+ Kh8 27. Ra3 c4 28. Raf3 1/2-1/2

[Event "Sibenik"]
[Site "?"]
[Date "2006.09.25"]
[Round "4.5"]
[White "Glavas Dragan"]
[Black "Cebalo Miso"]
[Result "1/2-1/2"]
[WhiteElo "2337"]
[BlackElo "2505"]
[PlyCount "126"]
[EventDate "2006.??.??"]
[Source "www.chesslib.no"]
[SourceDate "2004.05.04"]

1. d4 Nf6 2. c4 g6 3. Nc3 Bg7 4. e4 d6 5. f4 O-O 6. Nf3 c5 7. d5 e6 8. Be2 exd5 9. exd5 Re8 10. O-O Na6 11. Bd3 Ng4 12. h3 Nh6 13. g4 f5 14. g5 Nf7 15. a3 Bd7 16. Bd2 Nc7 17. Rb1 a6 18. h4 b5 19. b3 b4 20. axb4 cxb4 21. Ne2 a5 22. Ng3 Na6 23. Re1 Qb6+ 24. Kg2 Nc5 25. Bc2 Rab8 26. Rxe8+ Rxe8 27. Qg1 Qc7 28. h5 a4 29. hxg6 hxg6 30. Nd4 axb3 31. Nxb3 Ba4 32. Qd1 Na6 33. Qf1 Nd8 34. Nd4 Bd7 35. Nf3 Nb7 36. Nh4 Nbc5 37. Nxg6 Ne4 38. Bxe4 fxe4 39. Be3 Bg4 40. f5 Bf3+ 41. Kg1 Bc3 42. Nh4 Be5 43. Nxf3 exf3 44. Nh5 Rf8 45. Qh3 Qxc4 46. Nf6+ Bxf6 47. gxf6 Rxf6 48. Kh2 Qe2+ 49. Kh1 Qg2+ 50. Qxg2+ fxg2+ 51. Kxg2 Rxf5 52. Ra1 Nc7 53. Bd2 Nxd5 54. Ra6 b3 55. Ra3 b2 56. Rb3 Nf4+ 57. Bxf4 Rxf4 58. Rxb2 Kf7 59. Rf2 Rxf2+ 60. Kxf2 Kf6 61. Ke2 Ke6 62. Kd2 Ke5 63. Ke3 Kd5 1/2-1/2

[Event "BL2-Nord 9900"]
[Site "Germany"]
[Date "2000.04.09"]
[Round "9.2"]
[White "Bekker Jensen, Simon"]
[Black "Bangiev, Alexander"]
[Result "1/2-1/2"]
[WhiteElo "2436"]
[BlackElo "2400"]
[PlyCount "43"]
[EventDate "1999.10.??"]
[Source "ChessBase"]
[SourceDate "2000.05.11"]

1. d4 g6 2. c4 Bg7 3. e4 c5 4. d5 d6 5. Nc3 Nf6 6. f4 O-O 7. Nf3 e6 8. dxe6 fxe6 9. Be2 Nc6 10. O-O Qe7 11. Kh1 Bd7 12. a3 Rad8 13. Rb1 Kh8 14. Qd3 b6 15. b4 Bc8 16. b5 Nd4 17. Bd1 Bb7 18. Be3 Nh5 19. Ng5 Nf6 20. Nf3 Nh5 21. Ng5 Nf6 22. Nf3 1/2-1/2

[Event "FIN-chT 0102"]
[Site "?"]
[Date "2002.03.16"]
[Round "8"]
[White "Norri Joose"]
[Black "Yrjola Jouni"]
[Result "0-1"]
[WhiteElo "2423"]
[BlackElo "2413"]
[PlyCount "80"]
[EventDate "2002.??.??"]
[Source "www.chesslib.no"]
[SourceDate "2004.05.04"]

1. d4 Nf6 2. c4 g6 3. Nc3 Bg7 4. e4 d6 5. Be2 O-O 6. f4 Na6 7. Nf3 e5 8. fxe5 dxe5 9. d5 Nc5 10. Bg5 h6 11. Bxf6 Qxf6 12. b4 Na6 13. a3 c5 14. Rb1 Qd6 15. Qb3 f5 16. Nd2 Bf6 17. O-O Bg5 18. Nf3 Be3+ 19. Kh1 f4 20. Nd1 Bd4 21. Nxd4 exd4 22. Nf2 Bd7 23. Nd3 Rae8 24. Bf3 g5 25. e5 Rxe5 26. Nxe5 Qxe5 27. Rbe1 Qd6 28. b5 Nc7 29. Qd1 Re8 30. Rxe8+ Nxe8 31. Bg4 Bxg4 32. Qxg4 Qe5 33. Qd1 Nd6 34. Re1 Qf5 35. Qh5 d3 36. Re6 Nf7 37. h3 f3 38. Re8+ Kg7 39. Re1 Ne5 40. Rf1 d2 0-1

[Event "Wijk aan Zee II"]
[Site "?"]
[Date "1988.??.??"]
[Round "?"]
[White "Kouatly, B."]
[Black "Nijboer, F."]
[Result "1-0"]
[WhiteElo "2450"]
[BlackElo "2375"]
[PlyCount "63"]
[EventDate "1988.??.??"]
[Source "ChessBase"]
[SourceDate "1988.01.01"]

1. d4 Nf6 2. c4 g6 3. Nc3 Bg7 4. e4 d6 5. f4 c5 6. d5 O-O 7. Nf3 e6 8. dxe6 fxe6 9. Be2 Nc6 10. O-O a6 11. Kh1 Qc7 12. Rb1 Bd7 13. a3 Rad8 14. Qd3 Bc8 15. b4 cxb4 16. axb4 d5 17. e5 dxc4 18. Qxc4 Nd5 19. b5 axb5 20. Nxd5 exd5 21. Qxb5 Bh6 22. Be3 Bxf4 23. Bb6 Qg7 24. Bxd8 Rxd8 25. Rfd1 Bf5 26. Rxd5 Bxb1 27. Rxd8+ Nxd8 28. Bc4+ Kf8 29. Qxb1 Qd7 30. e6 Qd6 31. Qa1 Nxe6 32. Qf6+ 1-0

[Event "Berliner Sommer"]
[Site "Berlin GER"]
[Date "1990.??.??"]
[Round "?"]
[White "Piskov, Yury"]
[Black "Maeder, Karlheinz"]
[Result "1-0"]
[WhiteElo "2445"]
[BlackElo "2375"]
[PlyCount "65"]
[EventDate "1990.08.??"]
[Source "www.chesslib.no"]
[SourceDate "2004.05.04"]

1. d4 Nf6 2. c4 g6 3. Nc3 Bg7 4. e4 d6 5. f4 O-O 6. Nf3 c5 7. d5 e6 8. Be2 exd5 9. exd5 Nh5 10. O-O Bxc3 11. bxc3 f5 12. Ng5 Ng7 13. Bd2 Nd7 14. Be1 Nf6 15. Bh4 Qa5 16. Qd3 Bd7 17. Bf3 Rae8 18. Rfe1 Rxe1+ 19. Rxe1 Qxa2 20. Ne6 Rf7 21. Nd8 Rf8 22. Bxf6 Rxf6 23. Re7 Qa4 24. Qe3 Ne8 25. Nc6 Qa1+ 26. Kf2 Qa2+ 27. Be2 Rf8 28. Rxd7 Nf6 29. Qe6+ Kh8 30. Rf7 Ne4+ 31. Kf3 Rxf7 32. Qxf7 h6 33. Ne7 1-0

[Event "Graz Anton Afritsch mem"]
[Site "Graz"]
[Date "1991.??.??"]
[Round "9"]
[White "Danner, Georg"]
[Black "Brunner, Lucas"]
[Result "1/2-1/2"]
[WhiteElo "2360"]
[BlackElo "2460"]
[PlyCount "69"]
[EventDate "1991.03.02"]
[Source "ChessBase"]

1. d4 Nf6 2. c4 g6 3. Nc3 Bg7 4. e4 d6 5. f4 O-O 6. Nf3 c5 7. d5 e6 8. Be2 exd5 9. exd5 Bf5 10. O-O Re8 11. Bd3 Qd7 12. Nh4 Bxd3 13. Qxd3 Ng4 14. Nf3 Na6 15. a3 f5 16. Bd2 Nf6 17. Rfe1 Nc7 18. b4 Ne4 19. Rab1 Nxd2 20. Qxd2 cxb4 21. axb4 b5 22. cxb5 Nxb5 23. Nxb5 Qxb5 24. Re6 a5 25. Rxd6 axb4 26. Re6 b3 27. Qe3 b2 28. d6 Red8 29. Re7 Rxd6 30. Rxg7+ Kxg7 31. Qe7+ Kh6 32. Qg5+ Kg7 33. Qe7+ Kh6 34. Qg5+ Kg7 35. Qe7+ 1/2-1/2

[Event "Dreifluesse op"]
[Site "Passau"]
[Date "1998.04.11"]
[Round "4"]
[White "Riedel, Wolfgang"]
[Black "Martinovic, Slobodan"]
[Result "1/2-1/2"]
[WhiteElo "2350"]
[BlackElo "2470"]
[PlyCount "44"]
[EventDate "1998.04.10"]
[Source "www.chesslib.no"]
[SourceDate "2004.05.04"]

1. d4 Nf6 2. c4 g6 3. Nc3 Bg7 4. e4 O-O 5. f4 d6 6. Nf3 c5 7. d5 e6 8. dxe6 fxe6 9. Be2 Nc6 10. O-O a6 11. Kh1 b6 12. a3 Bb7 13. Ng5 Nd4 14. Bd3 h6 15. Nh3 e5 16. Be3 Qd7 17. fxe5 dxe5 18. Nf2 Kh7 19. Nd5 Qd6 20. Rb1 Rae8 21. b4 Bxd5 22. cxd5 cxb4 1/2-1/2

[Event "UKR-ch U16"]
[Site "?"]
[Date "2003.??.??"]
[Round "3"]
[White "Eryomenko Volodymyr"]
[Black "Kononenko Dmitry"]
[Result "0-1"]
[WhiteElo "2372"]
[BlackElo "2443"]
[PlyCount "86"]
[EventDate "2003.??.??"]
[Source "www.chesslib.no"]
[SourceDate "2004.05.04"]

1. d4 Nf6 2. c4 g6 3. Nc3 Bg7 4. e4 d6 5. f4 O-O 6. Nf3 c5 7. d5 e6 8. Be2 exd5 9. exd5 Nh5 10. O-O Bxc3 11. bxc3 f5 12. Ng5 Ng7 13. Bf3 Nd7 14. Qe1 Nf6 15. Qh4 b6 16. Re1 Ba6 17. Ne6 Nxe6 18. dxe6 Qe7 19. Bxa8 Rxa8 20. Be3 Re8 21. a4 Bxc4 22. a5 b5 23. Rad1 Ne4 24. Qxe7 Rxe7 25. Rxd6 Nxd6 26. Bxc5 Nc8 27. Bxe7 Nxe7 28. Re5 Kg7 29. Rc5 a6 30. Rc7 Kf6 31. Ra7 b4 32. cxb4 Kxe6 33. Kf2 h6 34. Ke3 Bb5 35. Rb7 Nc6 36. Rb6 g5 37. fxg5 hxg5 38. g3 g4 39. Rb7 Nxb4 40. Rh7 Ke5 41. Re7+ Kf6 42. Rh7 Kg6 43. Rh8 Nc6 0-1

[Event "Hoogovens-B"]
[Site "Wijk aan Zee"]
[Date "1975.??.??"]
[Round "11"]
[White "Martz, William E"]
[Black "Portisch, Ferenc"]
[Result "1-0"]
[WhiteElo "2385"]
[BlackElo "2420"]
[PlyCount "71"]
[EventDate "1975.??.??"]
[Source "ChessBase"]

1. c4 g6 2. d4 Nf6 3. Nc3 Bg7 4. e4 d6 5. Be2 O-O 6. f4 e5 7. fxe5 dxe5 8. d5 Na6 9. Bg5 c6 10. Qd2 Nc5 11. Rd1 Qa5 12. Nf3 Re8 13. O-O a6 14. Ne1 Ncd7 15. Nd3 Qc7 16. Rf2 b5 17. dxc6 Qxc6 18. cxb5 axb5 19. Nb4 Qc5 20. a3 Rb8 21. Rc1 Qd4 22. Qc2 Bb7 23. Nxb5 Qb6 24. Nc3 Rbc8 25. Qd3 Nc5 26. Qe3 Qe6 27. Bxf6 Bxf6 28. Ncd5 Be7 29. Bc4 Qd6 30. Rcf1 Ne6 31. Rxf7 Bg5 32. Qh3 h6 33. Ba2 Ba6 34. Nxa6 Qxa6 35. Ne7+ Bxe7 36. Qxh6 1-0

[Event "Amantea op"]
[Site "Amantea"]
[Date "1994.??.??"]
[Round "?"]
[White "Naumkin, Igor"]
[Black "Borgo, Giulio"]
[Result "1-0"]
[WhiteElo "2455"]
[BlackElo "2350"]
[PlyCount "87"]
[EventDate "1994.09.??"]
[Source "www.chesslib.no"]
[SourceDate "2004.05.04"]

1. d4 Nf6 2. c4 c5 3. d5 b5 4. cxb5 a6 5. bxa6 g6 6. Nc3 Bxa6 7. f4 Bg7 8. Nf3 Qa5 9. Bd2 O-O 10. e4 d6 11. Be2 Qb4 12. e5 dxe5 13. fxe5 Ng4 14. Bxa6 Nxa6 15. Qe2 Qxb2 16. O-O Nxe5 17. Nxe5 Bxe5 18. Qxe5 Qxd2 19. Rad1 Qh6 20. Qxe7 Rae8 21. Qf6 Qe3+ 22. Kh1 Nb8 23. d6 Re6 24. Qf3 Qxf3 25. Rxf3 Rd8 26. Rfd3 Nd7 27. Kg1 f5 28. a4 Ra8 29. Ra1 Ra5 30. Rb1 Kf7 31. Rb7 Ke8 32. Rd1 Kd8 33. Rb2 Kc8 34. Ra2 Nb6 35. h3 Re3 36. Rb2 Rxc3 37. Rxb6 Ra7 38. Re1 Rd7 39. a5 Rc4 40. Re8+ Rd8 41. Re7 Rd7 42. a6 Ra4 43. Re8+ Rd8 44. Rb7 1-0

[Event "9. Bavarian Open"]
[Site "?"]
[Date "2005.11.06"]
[Round "9"]
[White "Behm Simon"]
[Black "Bischoff Klaus"]
[Result "0-1"]
[WhiteElo "2245"]
[BlackElo "2555"]
[PlyCount "80"]
[EventDate "2005.??.??"]
[Source "www.chesslib.no"]
[SourceDate "2004.05.04"]

1. d4 Nf6 2. c4 c5 3. d5 d6 4. Nc3 g6 5. e4 Bg7 6. Be2 O-O 7. f4 b5 8. cxb5 a6 9. bxa6 Qa5 10. Bd2 Bxa6 11. Nf3 Bxe2 12. Qxe2 Qa6 13. Qxa6 Nxa6 14. O-O Rfb8 15. Rab1 Nd7 16. b3 Nc7 17. a4 Rb7 18. Na2 f5 19. exf5 Nxd5 20. fxg6 hxg6 21. Ng5 Rab8 22. Rf3 c4 23. b4 Nc5 24. a5 Nb3 25. Rfxb3 cxb3 26. Rxb3 Rc7 27. Rd3 Rb5 28. Ne4 Rc2 29. Ra3 Bb2 30. Ra4 Rc4 31. Nf2 Bd4 32. Kf1 Rc2 33. Ne4 Nxf4 34. Bxf4 Rf5 35. g3 e5 36. Nxd6 Rf8 37. a6 exf4 38. gxf4 Rxf4+ 39. Ke1 Rg4 40. Kd1 Rxh2 0-1

[Event "URS Ch sf"]
[Site "Yaroslav"]
[Date "1982.??.??"]
[Round "?"]
[White "Cherepkov, Alexander V"]
[Black "Kremenietsky, Anatoly M"]
[Result "1-0"]
[WhiteElo "2395"]
[BlackElo "2385"]
[PlyCount "43"]
[EventDate "1982.??.??"]
[Source "www.chesslib.no"]
[SourceDate "2004.05.04"]

1. d4 Nf6 2. c4 g6 3. Nc3 Bg7 4. e4 d6 5. f4 O-O 6. Nf3 c5 7. d5 b5 8. cxb5 a6 9. bxa6 Qa5 10. Bd2 Bxa6 11. Be2 c4 12. O-O Qb6+ 13. Kh1 Ng4 14. Qc1 Nd7 15. Rb1 Bxc3 16. Bxc3 Nf2+ 17. Rxf2 Qxf2 18. f5 Qxe2 19. Qh6 Nf6 20. Re1 Qc2 21. Bxf6 exf6 22. Ng5 1-0

[Event "Gausdal Young Men"]
[Site "Gausdal"]
[Date "1982.??.??"]
[Round "6"]
[White "Tisdall, Jonathan D"]
[Black "Pirttimaki, Timo"]
[Result "1/2-1/2"]
[WhiteElo "2435"]
[BlackElo "2335"]
[PlyCount "75"]
[EventDate "1982.??.??"]
[Source "ChessBase"]

1. d4 Nf6 2. c4 g6 3. Nc3 Bg7 4. e4 O-O 5. Be2 d6 6. f4 c5 7. d5 b5 8. cxb5 a6 9. a4 axb5 10. Bxb5 Qa5 11. Bd2 Qb4 12. Qc2 Ba6 13. Rb1 Bxb5 14. axb5 Nbd7 15. Nge2 Ne8 16. O-O Nc7 17. Kh1 Nxb5 18. Nxb5 Qxb5 19. Bc3 Rfb8 20. Bxg7 Kxg7 21. b4 cxb4 22. Nd4 Qc5 23. Qb2 Qc3 24. Nc6 Qxb2 25. Rxb2 Rb6 26. Rxb4 Rxb4 27. Nxb4 Ra3 28. Nc6 Kf8 29. g3 Re3 30. Ra1 Rxe4 31. Ra8+ Kg7 32. Ra7 Nb6 33. Nxe7 Re1+ 34. Kg2 Rd1 35. Nc6 Nxd5 36. Nd8 Kf8 37. Nxf7 Rd2+ 38. Kf3 1/2-1/2

[Event "Olympiad"]
[Site "?"]
[Date "2002.11.07"]
[Round "12"]
[White "Obodchuk Andrei"]
[Black "Beloudah Saad"]
[Result "1-0"]
[WhiteElo "2423"]
[BlackElo "2345"]
[PlyCount "69"]
[EventDate "2002.??.??"]
[Source "www.chesslib.no"]
[SourceDate "2004.05.04"]

1. e4 d6 2. d4 c6 3. c4 Nf6 4. Nc3 g6 5. f4 Bg7 6. Nf3 O-O 7. Be2 c5 8. d5 e6 9. O-O exd5 10. cxd5 Re8 11. e5 Nfd7 12. exd6 a6 13. f5 Ne5 14. fxg6 hxg6 15. Ne4 Bf5 16. Nfg5 Nbd7 17. Ng3 Nf8 18. Nxf5 gxf5 19. Rxf5 Qxd6 20. Bh5 Nfg6 21. Ne4 Qb6 22. g3 c4+ 23. Kg2 Nd3 24. Bf3 Rad8 25. Qe2 Nge5 26. Be3 Qb5 27. Rf1 Rd7 28. Bd4 Ree7 29. Rg5 Ng6 30. Qe3 Qb4 31. Bxg7 Kxg7 32. Qd4+ Nde5 33. Bh5 a5 34. Bxg6 Qd6 35. Nxd6 1-0

[Event "Alekhine Open"]
[Site "Smolensk RUS"]
[Date "1992.??.??"]
[Round "3"]
[White "Riabchonok, E."]
[Black "Bitman, Alexander R"]
[Result "1-0"]
[WhiteElo "2420"]
[BlackElo "2345"]
[PlyCount "77"]
[EventDate "1992.??.??"]
[Source "www.chesslib.no"]
[SourceDate "2004.05.04"]

1. d4 Nf6 2. c4 g6 3. Nc3 Bg7 4. e4 d6 5. f4 O-O 6. Nf3 c5 7. d5 e6 8. Be2 exd5 9. exd5 b5 10. cxb5 a6 11. O-O axb5 12. Bxb5 Ba6 13. Bxa6 Nxa6 14. f5 Qb6 15. Ng5 c4+ 16. Kh1 Nc7 17. Qf3 Rae8 18. Bf4 Nh5 19. Nge4 Nxf4 20. Qxf4 Re5 21. f6 Bh8 22. Qd2 Rfe8 23. Rf4 Na6 24. a3 Rb8 25. Rb1 Nc5 26. Nxc5 Qxc5 27. Rbf1 Rbe8 28. h3 h5 29. Kh2 Kh7 30. Qd1 Rb8 31. Qa4 g5 32. Rxc4 Qe3 33. Qc2+ Kh6 34. Re4 Rxe4 35. Nxe4 Re8 36. Ng3 Qe5 37. Rf5 Qd4 38. Rxg5 Kxg5 39. Qf5+ 1-0

[Event "HUN-chT1 9596"]
[Site "HUN"]
[Date "1995.??.??"]
[Round "6"]
[White "Portisch, Ferenc"]
[Black "Horvath, Peter"]
[Result "1-0"]
[WhiteElo "2390"]
[BlackElo "2365"]
[PlyCount "77"]
[EventDate "1995.??.??"]
[Source "www.chesslib.no"]
[SourceDate "2004.05.04"]

1. d4 Nf6 2. c4 g6 3. Nc3 Bg7 4. e4 d6 5. Be2 Nbd7 6. f4 O-O 7. Nf3 c5 8. d5 Ne8 9. O-O a6 10. a4 a5 11. Bd2 Nc7 12. Be1 Nb6 13. h3 e6 14. Bh4 Qd7 15. Qd2 Re8 16. Bd3 h6 17. b3 e5 18. fxe5 dxe5 19. Bf2 Bf8 20. Be3 g5 21. Nh2 Qe7 22. Be2 Rd8 23. Bh5 f6 24. Qf2 Nd7 25. Ng4 Bg7 26. Qf5 Ra6 27. Qg6 Kh8 28. Nxh6 Bxh6 29. Qxh6+ Qh7 30. Qxh7+ Kxh7 31. Bg4 Nb8 32. Bxc8 Rxc8 33. Bxc5 Nxd5 34. Nxd5 Rxc5 35. Nxf6+ Kg6 36. Ng4 Re6 37. Rad1 Nc6 38. Rd7 Re7 39. Rf6+ 1-0

[Event "American Open"]
[Site "United States of America"]
[Date "1995.??.??"]
[Round "8"]
[White "Duckworth, William Mark"]
[Black "Remlinger, Larry"]
[Result "1-0"]
[WhiteElo "2290"]
[BlackElo "2465"]
[PlyCount "65"]
[EventDate "1995.??.??"]
[Source "www.chesslib.no"]
[SourceDate "2004.05.04"]

1. d4 Nf6 2. c4 g6 3. Nc3 Bg7 4. e4 d6 5. f4 O-O 6. Nf3 c5 7. d5 e6 8. Be2 exd5 9. exd5 Bf5 10. O-O Re8 11. Bd3 Bg4 12. h3 Bxf3 13. Qxf3 Qb6 14. a4 a6 15. f5 Nbd7 16. fxg6 fxg6 17. a5 Qc7 18. Be2 Re7 19. Bg5 Rae8 20. Kh1 b6 21. Rf2 bxa5 22. Qg3 Ne4 23. Nxe4 Rxe4 24. Bg4 Re1+ 25. Rxe1 Rxe1+ 26. Kh2 Be5 27. Be6+ Kh8 28. Rf7 Bxg3+ 29. Kxg3 Re5 30. Bh6 Rxe6 31. dxe6 d5+ 32. Bf4 Qd8 33. Rxd7 1-0

[Event "ARG-ch"]
[Site "Quilmes"]
[Date "1980.??.??"]
[Round "11"]
[White "Schweber, Samuel"]
[Black "Aparicio, Anibal"]
[Result "1-0"]
[WhiteElo "2425"]
[BlackElo "2320"]
[PlyCount "105"]
[EventDate "1980.??.??"]
[Source "ChessBase"]

1. d4 Nf6 2. c4 c5 3. d5 g6 4. Nc3 Bg7 5. e4 d6 6. f4 O-O 7. Nf3 e6 8. Be2 exd5 9. exd5 a6 10. a4 b6 11. O-O Re8 12. Bd3 Ra7 13. h3 Rae7 14. Bd2 Nbd7 15. g4 h5 16. g5 Nh7 17. Qc2 Ndf8 18. Kg2 b5 19. axb5 axb5 20. Nxb5 f6 21. gxf6 Bxf6 22. Rfe1 Qd7 23. Ng1 Bb7 24. Rxe7 Rxe7 25. Nc3 Ne6 26. Ne4 Nd4 27. Qa4 Qd8 28. Qa5 Qd7 29. Qb6 Nf5 30. Ra7 Rf7 31. Nf3 Bd8 32. Qb3 Qc8 33. Ra1 Qd7 34. Ra7 Qc8 35. Qa2 Bb6 36. Ra3 Bd8 37. Qb1 Qd7 38. Kh2 Bc8 39. Qf1 Nh4 40. Bc2 Nxf3+ 41. Rxf3 Qe7 42. Bd3 Qf8 43. Kg2 g5 44. f5 Bxf5 45. Nf6+ Bxf6 46. Bxf5 g4 47. hxg4 hxg4 48. Rf2 Kh8 49. Bg6 Qe7 50. Re2 Qd7 51. Bxf7 Qxf7 52. Qf5 Qg8 53. Qh5 1-0

[Event "Bundesliga 8384"]
[Site "Germany"]
[Date "1984.??.??"]
[Round "?"]
[White "Konikowski, Jerzy"]
[Black "Kunsztowicz, Uwe"]
[Result "0-1"]
[WhiteElo "2390"]
[BlackElo "2350"]
[PlyCount "130"]
[EventDate "1983.10.??"]
[Source "ChessBase"]
[SourceDate "1999.07.01"]

1. d4 Nf6 2. c4 g6 3. Nc3 Bg7 4. e4 d6 5. Be2 O-O 6. f4 c5 7. d5 b5 8. cxb5 a6 9. bxa6 Qa5 10. Bd2 Bxa6 11. Rb1 Bxe2 12. Qxe2 Na6 13. Nf3 Nb4 14. O-O Qa6 15. Qe1 Qd3 16. Qh4 Nxa2 17. Rbe1 Nb4 18. f5 Nc2 19. Rb1 Nd4 20. Bh6 Bxh6 21. Qxh6 Nxf3+ 22. Rxf3 Qd4+ 23. Kh1 Rfb8 24. h3 Qe5 25. fxg6 fxg6 26. Qe3 Rb3 27. Qd3 Rab8 28. Qc2 R3b4 29. Re3 Nh5 30. Qf2 Rf8 31. Rf3 Rxf3 32. gxf3 Nf4 33. Qg3 Nd3 34. Qxe5 Nxe5 35. Kg2 Rb3 36. h4 Nc4 37. Kg3 Rxb2 38. Rxb2 Nxb2 39. f4 Nc4 40. Kf3 Kf7 41. Ke2 Nb6 42. Ke3 e6 43. Kd3 exd5 44. exd5 Ke7 45. Ke4 Kf6 46. Nb5 Nc8 47. Nc7 Kf7 48. Nb5 Ke7 49. Kf3 Nb6 50. Nc3 Nd7 51. Kg4 Nf6+ 52. Kf3 Nh5 53. Kg4 Ng7 54. Kg5 Kf7 55. Ne4 Nf5 56. h5 h6+ 57. Kg4 Kg7 58. Nc3 Nd4 59. Ne4 c4 60. Nc3 Nf5 61. hxg6 Kxg6 62. Kf3 h5 63. Nd1 Nd4+ 64. Ke4 Nb5 65. Nf2 Kf6 0-1

[Event "CSR-DDR U25 m"]
[Site "Karlovy Vary"]
[Date "1975.07.03"]
[Round "1.4"]
[White "Petran, Peter"]
[Black "Boensch, Uwe"]
[Result "1/2-1/2"]
[WhiteElo "2370"]
[BlackElo "2365"]
[PlyCount "66"]
[EventDate "1975.07.03"]
[Source "www.chesslib.no"]
[SourceDate "2004.05.04"]

1. c4 g6 2. Nc3 Bg7 3. d4 Nf6 4. e4 d6 5. f4 O-O 6. Nf3 c5 7. d5 e6 8. Be2 exd5 9. exd5 Re8 10. O-O Ng4 11. Bd3 Ne3 12. Bxe3 Rxe3 13. Qd2 Re8 14. Rae1 Rxe1 15. Rxe1 Bg4 16. Ng5 h6 17. Nge4 Bf5 18. Nxd6 Qxd6 19. Re8+ Kh7 20. Bxf5 gxf5 21. Nb5 Qd7 22. Qe2 a6 23. Re7 axb5 24. Rxd7 Nxd7 25. Qh5 Bd4+ 26. Kf1 Nf6 27. Qxf7+ Kh8 28. Qxb7 Rxa2 29. cxb5 Rxb2 30. d6 Ne4 31. Qc8+ Kg7 32. Qd7+ Kg6 33. Qe6+ Kg7 1/2-1/2

[Event "Stary Smokovec"]
[Site "Stary Smokovec"]
[Date "1974.??.??"]
[Round "2"]
[White "Pinter, Jozsef"]
[Black "Banas, Jan"]
[Result "1-0"]
[WhiteElo "2410"]
[BlackElo "2325"]
[PlyCount "91"]
[EventDate "1974.??.??"]
[Source "ChessBase"]

1. d4 Nf6 2. c4 c5 3. d5 d6 4. Nc3 g6 5. e4 Bg7 6. Be2 O-O 7. f4 e6 8. Nf3 exd5 9. exd5 b5 10. Nxb5 Ne4 11. O-O a6 12. Nc3 Nxc3 13. bxc3 Bxc3 14. Rb1 Nd7 15. Be3 Bg7 16. Bd3 Re8 17. Bf2 f5 18. Qa4 Nf6 19. Qc6 Ra7 20. Bh4 Rc7 21. Qb6 Qd7 22. Bc2 Re2 23. Ba4 Qe7 24. Rbe1 Re4 25. Nd2 Rb7 26. Qc6 Rc7 27. Nxe4 fxe4 28. Qa8 Kf7 29. Qb8 Bf5 30. Be8+ Qxe8 31. Qxc7+ Nd7 32. Bf2 Bd4 33. Be3 Qe7 34. Qb7 Kg7 35. h3 Qh4 36. Bxd4+ cxd4 37. Qb2 Qf6 38. g4 d3 39. Qxf6+ Kxf6 40. Kf2 Nb6 41. gxf5 Kxf5 42. Ke3 Nxc4+ 43. Kd4 Nd2 44. Rf2 Nf3+ 45. Rxf3 exf3 46. Ke3 1-0

[Event "JUG Ch"]
[Site "Kladovo"]
[Date "1991.??.??"]
[Round "10"]
[White "Djukic, Zeljko"]
[Black "Mukic, Josko"]
[Result "1-0"]
[WhiteElo "2420"]
[BlackElo "2305"]
[PlyCount "87"]
[EventDate "1991.02.??"]
[Source "www.chesslib.no"]
[SourceDate "2004.05.04"]

1. c4 Nf6 2. Nc3 g6 3. d4 Bg7 4. e4 d6 5. f4 O-O 6. Be2 c5 7. d5 b5 8. cxb5 a6 9. bxa6 Qa5 10. Bd2 Bxa6 11. Nf3 Nbd7 12. O-O c4 13. Be3 Rfb8 14. Rb1 Nc5 15. Nd4 Rxb2 16. Rxb2 Qxc3 17. Qc1 Qxc1 18. Rxc1 Ncxe4 19. Bf3 c3 20. Rb4 Bd3 21. Nc6 Nxd5 22. Rxe4 Bxe4 23. Bxe4 Nxe3 24. Nxe7+ Kf8 25. Bxa8 Kxe7 26. Kf2 Nc4 27. Bd5 Nb2 28. Ke3 h6 29. Bb3 g5 30. g3 Bf6 31. Ke4 gxf4 32. gxf4 h5 33. Re1 Kf8 34. Re3 Nc4 35. Re2 Na3 36. Kd5 Nb5 37. Re3 Na3 38. Re2 Nb5 39. Kc4 Nd4 40. Rf2 Nf5 41. a4 Ke7 42. a5 Kd7 43. a6 Kc6 44. Ra2 1-0